Culture générale #3 - Statistiques

Statistiques générales
  • Ce quiz a été pris 65 fois
  • Le résultat moyen est 9 sur 20
Statistiques - réponses
Questions Réponses % Correct
En quelle année Louis XVI est-il guillotiné ? 1793
82%
Quel animal fait le plus de mort pour l'homme chaque année ? Le moustique
77%
Quel lac chevauche la frontière entre le Pérou et la Bolivie ? Lac Titicaca
69%
Quel athlète est plus titré de l'histoire des Jeux Olympiques ? Michael Phelps
67%
En 1896, quel moyen de transport est mis en scène à La Ciotat dans ce qui est considéré comme l'un des premiers films de l'Histoire ? Un train
67%
En France, en cas de démission ou de décès, qui assure l'interim de la Présidence de la République ? Le président du Sénat
66%
Quel mouvement politique communiste mené par Pol Pot est à l'origine de l'assassinat de plus d'un million de cambodgiens dans les années 70 ? Khmers rouges
59%
Qui a peint les Nymphéas ? Claude Monet
57%
Qui a écrit Le Deuxième Sexe, référence majeure de la philosophie féministe publié en 1949 ? Simone de Beauvoir
54%
Combien y a-t-il de cases sur un échiquier ? 64
52%
Qui est assassiné par Mark David Chapman le 8 décembre 1980 à New York ? John Lennon
51%
De quel roman dystopique Winston Smith est-il le principal protagoniste ? 1984
46%
Quel pays d'Afrique a une machette sur son drapeau ? Angola
41%
Quel compositeur est connu dans la postérité pour être l'ennemi de Mozart ? Antonio Salieri
34%
Dans Retour vers le futur, quelle vitesse, en miles à l'heure, la DeLorean doit-elle atteindre pour voyager dans le temps ? 88
28%
Quel héros de la mythologie grecque est connu pour avoir résolu l'énigme du sphinx ? Œdipe
28%
Quel état américain est le premier à avoir été admis dans l'Union puis ratifié le 7 décembre 1787 ? Delaware
23%
Dans le nord de quel pays se trouve la plaine du Serengeti ? Tanzanie
20%
Quelle unité est utilisée pour quantifier l'intensité du champ magnétique ? Le tesla
7%
Comment s'appelle la tenue du judoka ? Un judogi
0%
Aucun quiz correspondant
Distribution des résultats
% des personnes avec chaque résultat
Percentile par nombre de réponses
Votre historique - résultats
Vous n’avez pas pris ce quiz